[Event "GER-ch U16 Girls"]
[Site "Willingen"]
[Date "2016.05.19"]
[Round "7"]
[White "Ter Stal, Esther"]
[Black "Schilay, Eva"]
[Result "0-1"]
[WhiteElo "1565"]
[BlackElo "1599"]
[PlyCount "100"]
[EventDate "2016.05.15"]
[EventType "swiss"]
[EventRounds "9"]
[EventCountry "GER"]
[SourceTitle "CBM 172 Extra"]
[Source "ChessBase"]
[SourceDate "2016.06.21"]
[SourceVersion "1"]
[SourceVersionDate "2016.06.21"]
[SourceQuality "1"]

1. d4 d5 2. Nf3 Nf6 3. e3 Bf5 4. c4 c6 5. Qb3 Qb6 6. Nc3 e6 7. Be2 dxc4 8. Bxc4 Be7 9. 0-0 Nbd7 10. Qd1 0-0 11. a3 Rfd8 12. Na4 Qc7 13. Bd3 Bxd3 14. Qxd3 e5 15. Qc2 exd4 16. Nxd4 Ng4 17. g3 Bf6 18. Rd1 Nb6 19. Nxb6 Qxb6 20. Nf3 Rxd1+ 21. Qxd1 Rd8 22. Qe2 Ne5 23. Rb1 Nxf3+ 24. Qxf3 Qb3 25. Qe2 Rd1+ 26. Kg2 Qd5+ 27. e4 Qb3 28. Qg4 h6 29. Qc8+ Rd8 30. Qg4 Qc2 31. Ra1 Bxb2 32. Bxb2 Qxb2 33. Re1 Qxa3 34. e5 Qe7 35. Qc4 Qe6 36. Qa4 a6 37. Kg1 Qd5 38. Qb4 Qb5 39. Qe7 Qb6 40. e6 fxe6 41. Rxe6 Qb1+ 42. Kg2 Qd3 43. Kg1 Qd7 44. Qh4 Re8 45. Rg6 Qd1+ 46. Kg2 Qd5+ 47. Kh3 Qf5+ 48. Rg4 Re4 49. f3 Rxg4 50. Qd8+ Qf8 0-1

[Event "GER-ch U16 Girls"]
[Site "Willingen"]
[Date "2016.05.18"]
[Round "6"]
[White "Lange, Cecilia"]
[Black "Ter Stal, Esther"]
[Result "1/2-1/2"]
[WhiteElo "1718"]
[BlackElo "1565"]
[PlyCount "51"]
[EventDate "2016.05.15"]
[EventType "swiss"]
[EventRounds "9"]
[EventCountry "GER"]
[SourceTitle "CBM 172 Extra"]
[Source "ChessBase"]
[SourceDate "2016.06.21"]
[SourceVersion "1"]
[SourceVersionDate "2016.06.21"]
[SourceQuality "1"]

1. e4 c6 2. d4 d5 3. Nd2 dxe4 4. Nxe4 Nd7 5. Nf3 Ngf6 6. Nxf6+ Nxf6 7. Ne5 Bf5 8. c3 e6 9. g4 Qd5 10. f3 Nxg4 11. Bc4 Qd8 12. Nxg4 Bd6 13. Qe2 Qh4+ 14. Qf2 Qe7 15. Bd2 0-0-0 16. 0-0-0 Qc7 17. h4 c5 18. dxc5 Bxc5 19. Qh2 Qb6 20. Bf4 h5 21. Nf6 gxf6 22. Qe2 Bd6 23. Be3 Bc5 24. Bf4 Bd6 25. Be3 Bc5 26. Bf4 1/2-1/2

[Event "GER-ch U16 Girls"]
[Site "Willingen"]
[Date "2016.05.15"]
[Round "2"]
[White "Ter Stal, Esther"]
[Black "Glaeser, Anne"]
[Result "0-1"]
[WhiteElo "1565"]
[BlackElo "1304"]
[PlyCount "92"]
[EventDate "2016.05.15"]
[EventType "swiss"]
[EventRounds "9"]
[EventCountry "GER"]
[SourceTitle "CBM 172 Extra"]
[Source "ChessBase"]
[SourceDate "2016.06.21"]
[SourceVersion "1"]
[SourceVersionDate "2016.06.21"]
[SourceQuality "1"]

1. d4 Nf6 2. Nf3 g6 3. c4 d5 4. Nc3 e6 5. Bg5 dxc4 6. e4 Be7 7. Bxc4 Nbd7 8. 0-0 0-0 9. Bh6 Re8 10. Ng5 Nb6 11. Bb3 c5 12. dxc5 Bxc5 13. e5 Qxd1 14. Raxd1 Ng4 15. Nce4 Bxf2+ 16. Rxf2 Nxh6 17. Nf6+ Kf8 18. Nxe8 Kxe8 19. Nxh7 Bd7 20. Nf6+ Ke7 21. Rfd2 Bc6 22. Rd4 Nf5 23. R4d3 Bb5 24. Rc3 Bc6 25. Bc2 Rd8 26. Rxd8 Kxd8 27. Be4 Nd5 28. Bxd5 exd5 29. Rd3 Ne7 30. g4 Kc7 31. Rh3 Kb6 32. Rh7 d4 33. Rxf7 Nd5 34. Nxd5+ Bxd5 35. Rf6+ Kc5 36. b3 Kb4 37. e6 d3 38. e7 d2 39. Rf1 Bc6 40. Rd1 Kc3 41. Kf2 Kc2 42. Ke2 Bb5+ 43. Ke3 Kxd1 44. a4 Be8 45. Kd3 Kc1 46. Kc3 d1Q 0-1

[Event "Niedersachsen-ch op-B"]
[Site "Verden"]
[Date "2015.01.05"]
[Round "7"]
[White "Kiesel, Lucas"]
[Black "Ter Stal, Esther"]
[Result "1/2-1/2"]
[WhiteElo "1581"]
[BlackElo "1482"]
[PlyCount "167"]
[EventDate "2015.01.02"]
[EventType "swiss"]
[EventRounds "7"]
[EventCountry "GER"]
[SourceTitle "EXT 2018"]
[Source "ChessBase"]
[SourceDate "2017.10.13"]
[SourceVersion "1"]
[SourceVersionDate "2017.10.13"]
[SourceQuality "1"]

1. Nf3 Nf6 2. g3 b6 3. Bg2 Bb7 4. 0-0 c5 5. d3 d6 6. e4 Nbd7 7. Nc3 e6 8. Bd2 Be7 9. h3 Bc6 10. Kh2 Qc7 11. Ng1 0-0 12. f4 Rfd8 13. g4 Nf8 14. g5 Ne8 15. Qg4 d5 16. e5 d4 17. Ne4 b5 18. Ne2 Kh8 19. N2g3 c4 20. Nh5 Rac8 21. Qg3 Ng6 22. Qf2 Ba8 23. Kh1 Qd7 24. Ba5 Nc7 25. Rad1 a6 26. Nhg3 Nh4 27. Ne2 Nf5 28. Rd2 Ne3 29. Rc1 b4 30. c3 bxc3 31. bxc3 Qa4 32. Bxc7 Rxc7 33. cxd4 Nf5 34. Rdc2 Rdc8 35. Nd2 Bxg2+ 36. Kxg2 c3 37. Nc4 Ba3 38. Nxa3 Qxa3 39. Ng3 Ne7 40. Ne4 Nd5 41. Nd6 Rb8 42. Nc4 Qb4 43. Kf3 Qb7 44. Ke2 Qc6 45. Qf3 Qa4 46. Qf2 Kg8 47. Kf3 Rcb7 48. Qe1 Qd7 49. Qe2 Kf8 50. Ne3 Rb2 51. Nc4 R2b7 52. Rf1 Kg8 53. Rcc1 Qa4 54. Qc2 Qd7 55. Rb1 Qc7 56. Rxb7 Qxb7 57. Nd6 Nb4+ 58. Nxb7 Nxc2 59. Rc1 Nxd4+ 60. Ke4 Ne2 61. Rc2 Rxb7 62. Rxe2 Rb2 63. Re1 Rxa2 64. Rc1 c2 65. Ke3 f6 66. Kd2 fxg5 67. fxg5 Kf7 68. Kc3 Ra5 69. d4 Kg6 70. Rxc2 Kxg5 71. Rg2+ Kh6 72. Kc4 Rd5 73. Ra2 a5 74. Rb2 Kg6 75. Rf2 Rd7 76. Kc5 h5 77. h4 a4 78. Ra2 Rd5+ 79. Kc4 Ra5 80. Kb4 Rd5 81. Kc4 Ra5 82. Kb4 Rd5 83. Kc4 Ra5 84. Kb4 1/2-1/2

[Event "Niedersachsen-ch op-B"]
[Site "Verden"]
[Date "2015.01.04"]
[Round "6"]
[White "Ter Stal, Esther"]
[Black "Pfeifer, Frank"]
[Result "1-0"]
[WhiteElo "1482"]
[BlackElo "1629"]
[PlyCount "129"]
[EventDate "2015.01.02"]
[EventType "swiss"]
[EventRounds "7"]
[EventCountry "GER"]
[SourceTitle "EXT 2018"]
[Source "ChessBase"]
[SourceDate "2017.10.13"]
[SourceVersion "1"]
[SourceVersionDate "2017.10.13"]
[SourceQuality "1"]

1. d4 Nf6 2. Nf3 g6 3. c4 c5 4. Nc3 Bg7 5. e4 cxd4 6. Nxd4 d6 7. Be2 0-0 8. 0-0 Nbd7 9. Be3 Nc5 10. f3 Bd7 11. Qd2 Ne6 12. Nxe6 Bxe6 13. Nd5 Nxd5 14. cxd5 Bd7 15. Rac1 f5 16. Bd3 e5 17. dxe6 Bxe6 18. Bc4 Bxc4 19. Rxc4 fxe4 20. Qd5+ Kh8 21. Rxe4 b6 22. b3 Rc8 23. Rd1 Rc2 24. a4 Be5 25. Bd4 Qg5 26. Bxe5+ dxe5 27. Qxe5+ Qxe5 28. Rxe5 Rf7 29. Red5 Rb2 30. Rd7 Rxd7 31. Rxd7 a5 32. Rd3 Kg7 33. h4 Kh6 34. Kh2 Kh5 35. Kh3 Rb1 36. g4+ Kh6 37. Kg3 Kg7 38. g5 Kg8 39. f4 Rg1+ 40. Kf3 Rf1+ 41. Kg4 Rg1+ 42. Rg3 Rb1 43. f5 gxf5+ 44. Kxf5 Rh1 45. Kg4 Rd1 46. Rf3 Rd4+ 47. Kh5 Rd6 48. Kg4 Kg7 49. h5 Rd4+ 50. Rf4 Rd3 51. h6+ Kg8 52. Rf3 Rd4+ 53. Kf5 Rd5+ 54. Kf6 Rc5 55. Re3 Rc6+ 56. Re6 Rxe6+ 57. Kxe6 Kf8 58. Kf6 Kg8 59. g6 hxg6 60. Kxg6 Kh8 61. h7 b5 62. axb5 a4 63. b6 axb3 64. b7 b2 65. b8Q# 1-0

[Event "GER-chT U14 Girls"]
[Site "Regensburg"]
[Date "2014.12.29"]
[Round "5.2"]
[White "Boese, Carolin"]
[Black "Ter Stal, Esther"]
[Result "1/2-1/2"]
[WhiteElo "1410"]
[BlackElo "1313"]
[PlyCount "51"]
[EventDate "2014.12.27"]
[EventType "team-swiss"]
[EventRounds "7"]
[EventCountry "GER"]
[SourceTitle "EXT 2016"]
[Source "ChessBase"]
[SourceDate "2015.10.08"]
[SourceVersion "1"]
[SourceVersionDate "2015.10.08"]
[SourceQuality "1"]
[WhiteTeam "Regensburg Bavaria"]
[BlackTeam "Nordhorn Blanke"]
[WhiteTeamCountry "GER"]
[BlackTeamCountry "GER"]

1. e4 c6 2. Nc3 d5 3. d4 dxe4 4. Nxe4 Nd7 5. Nf3 Ngf6 6. Nxf6+ Nxf6 7. c3 Bf5 8. Bd3 Bxd3 9. Qxd3 e6 10. Bf4 Qb6 11. Qc2 c5 12. 0-0 Be7 13. Be5 h6 14. Rad1 0-0 15. h3 Rfd8 16. Rfe1 Rac8 17. Rd3 cxd4 18. Bxd4 Qa5 19. Qb3 Rc7 20. Red1 Qa6 21. Ne5 Nd5 22. c4 Nf4 23. R3d2 Rcc8 24. Be3 Nh5 25. Rd4 Nf6 26. R1d3 1/2-1/2

[Event "Niedersachsen-ch op-B"]
[Site "Verden"]
[Date "2014.01.04"]
[Round "6"]
[White "Gottlieb, Timo"]
[Black "Ter Stal, Esther"]
[Result "0-1"]
[WhiteElo "1587"]
[BlackElo "1462"]
[PlyCount "90"]
[EventDate "2014.01.02"]
[EventType "swiss"]
[EventRounds "7"]
[EventCountry "GER"]
[SourceTitle "EXT 2016"]
[Source "ChessBase"]
[SourceDate "2015.10.08"]
[SourceVersion "1"]
[SourceVersionDate "2015.10.08"]
[SourceQuality "1"]

1. e4 c6 2. d4 d5 3. exd5 cxd5 4. Nf3 Bg4 5. c3 Nf6 6. Be2 e6 7. Bg5 Bd6 8. Nbd2 Nbd7 9. 0-0 0-0 10. Re1 Qb6 11. Qc2 Bf5 12. Qc1 h6 13. Bxf6 Nxf6 14. Bd1 Rac8 15. Bc2 Bxc2 16. Qxc2 Qc7 17. Ne5 b5 18. Rac1 a5 19. Ndf3 Qb6 20. Qd3 Rc7 21. Rc2 Rfc8 22. Rec1 Nd7 23. Ng4 Bf4 24. Nd2 Qc6 25. Qf3 Bg5 26. Qg3 Nf6 27. Ne5 Qb6 28. Rf1 Bxd2 29. Rxd2 Ne4 30. Qe3 Nxd2 31. Qxd2 b4 32. cxb4 Qxb4 33. Qxb4 axb4 34. f4 Rc1 35. Nd3 Rxf1+ 36. Kxf1 Rc4 37. Ke2 Rxd4 38. b3 Re4+ 39. Kd2 f6 40. g3 g5 41. Nf2 f5 42. fxg5 hxg5 43. h3 Rd4+ 44. Ke3 e5 45. Kf3 Rd2 0-1

[Event "North Germany-chT U14 Girls"]
[Site "Guestrow"]
[Date "2013.09.14"]
[Round "3.1"]
[White "Ter Stal, Esther"]
[Black "Reyher, Susan"]
[Result "0-1"]
[WhiteElo "1355"]
[BlackElo "1346"]
[PlyCount "52"]
[EventDate "2013.09.13"]
[EventType "team-swiss"]
[EventRounds "5"]
[EventCountry "GER"]
[SourceTitle "EXT 2017"]
[Source "ChessBase"]
[SourceDate "2016.10.25"]
[SourceVersion "1"]
[SourceVersionDate "2016.10.25"]
[SourceQuality "1"]
[WhiteTeam "Nordhorn Blanke"]
[BlackTeam "Glueck Auf Ruedersdorf"]
[WhiteTeamCountry "GER"]
[BlackTeamCountry "GER"]

1. d4 d5 2. Nf3 Nf6 3. e3 e6 4. Bd3 Be7 5. 0-0 a6 6. Nbd2 Nbd7 7. c3 0-0 8. Qe2 c5 9. e4 dxe4 10. Nxe4 Nxe4 11. Qxe4 g6 12. Bh6 Re8 13. Rad1 Bf6 14. Qf4 cxd4 15. Nxd4 e5 16. Qf3 exd4 17. cxd4 Bg7 18. Be3 Nf6 19. Bc4 Qc7 20. b3 Bg4 21. Qf4 Qxf4 22. Bxf4 Bxd1 23. Rxd1 b5 24. Bd3 Nd5 25. Bd6 Nc3 26. Rc1 Bxd4 0-1

[Event "Niedersachsen-ch U14"]
[Site "Rotenburg"]
[Date "2013.03.23"]
[Round "2"]
[White "Dittmann, Tobias"]
[Black "Ter Stal, Esther"]
[Result "1-0"]
[WhiteElo "1594"]
[BlackElo "1250"]
[PlyCount "99"]
[EventDate "2013.03.23"]
[EventType "swiss"]
[EventRounds "9"]
[EventCountry "GER"]
[SourceTitle "EXT 2015"]
[Source "ChessBase"]
[SourceDate "2014.11.20"]
[SourceVersion "1"]
[SourceVersionDate "2014.11.20"]
[SourceQuality "1"]

1. e4 c6 2. d4 d5 3. exd5 cxd5 4. Nf3 Nf6 5. Bf4 Bg4 6. Be2 e6 7. c3 Nbd7 8. Nbd2 Be7 9. 0-0 0-0 10. h3 Bxf3 11. Nxf3 Qb6 12. Qc2 Rac8 13. Bd3 Ne4 14. Nd2 Ndf6 15. Rfe1 Nxd2 16. Bxd2 h6 17. f4 Bd6 18. Rf1 e5 19. fxe5 Bxe5 20. Be3 Rfe8 21. Rae1 Bg3 22. Bf2 Qc7 23. Bxg3 Qxg3 24. Rxe8+ Rxe8 25. Bb5 Re3 26. Qf2 Qxf2+ 27. Kxf2 Re4 28. Re1 Rxe1 29. Kxe1 a6 30. Ba4 Kf8 31. Ke2 Ke7 32. Ke3 g5 33. Bc2 Ke6 34. g4 Nd7 35. Bf5+ Kd6 36. b3 b5 37. Bd3 Kc6 38. c4 bxc4 39. bxc4 Nb6 40. c5 Nc4+ 41. Bxc4 dxc4 42. Kd2 Kd5 43. Kc3 a5 44. a4 f6 45. Kc2 Kc6 46. Kd2 Kd5 47. Kc3 Kc6 48. Kxc4 Kd7 49. Kd5 Ke7 50. c6 1-0

[Event "Niedersachsen-ch U14"]
[Site "Rotenburg"]
[Date "2013.03.23"]
[Round "1"]
[White "Ter Stal, Esther"]
[Black "Neumann, Tiemon"]
[Result "0-1"]
[WhiteElo "1250"]
[BlackElo "1734"]
[PlyCount "36"]
[EventDate "2013.03.23"]
[EventType "swiss"]
[EventRounds "9"]
[EventCountry "GER"]
[SourceTitle "EXT 2015"]
[Source "ChessBase"]
[SourceDate "2014.11.20"]
[SourceVersion "1"]
[SourceVersionDate "2014.11.20"]
[SourceQuality "1"]

1. d4 d5 2. Nf3 Nc6 3. Nbd2 Nf6 4. e3 Bg4 5. h3 Bh5 6. Bd3 e5 7. g4 Bxg4 8. hxg4 e4 9. Bb5 exf3 10. Qxf3 Qd6 11. c4 a6 12. cxd5 Nxd5 13. Bc4 Ncb4 14. Ne4 Qc6 15. Bb3 0-0-0 16. a3 Nc2+ 17. Bxc2 Qxc2 18. Qe2 Qxe4 0-1

[Event "GER-ch U12"]
[Site "Oberhof"]
[Date "2012.05.30"]
[Round "6"]
[White "Ter Stal, Esther"]
[Black "Gericke, Nicholas"]
[Result "0-1"]
[WhiteElo "984"]
[BlackElo "1188"]
[PlyCount "98"]
[EventDate "2012.05.27"]
[EventType "swiss"]
[EventRounds "11"]
[EventCountry "GER"]
[SourceTitle "CBM 148 Extra"]
[Source "ChessBase"]
[SourceDate "2012.06.22"]
[SourceVersion "1"]
[SourceVersionDate "2012.06.22"]
[SourceQuality "1"]

1. d4 Nf6 2. Nf3 g6 3. c4 Bg7 4. Nc3 d6 5. e4 Bg4 6. Be2 Nc6 7. d5 Bxf3 8. Bxf3 Ne5 9. Be2 0-0 10. Be3 c5 11. a3 e6 12. 0-0 Rc8 13. Rc1 b6 14. b4 cxb4 15. axb4 Nxc4 16. Bxc4 Rxc4 17. Nb5 Rxc1 18. Qxc1 Nxe4 19. dxe6 fxe6 20. Nxa7 Qb8 21. Nc6 Qc7 22. b5 Rf5 23. Qc4 d5 24. Qb4 Kf7 25. Qa3 Nd6 26. Qa4 e5 27. f3 d4 28. Bf2 Ke6 29. Re1 d3 30. Nd4+ Kf6 31. Nxf5 gxf5 32. Rd1 Qc3 33. Be1 Qc5+ 34. Kf1 Qe3 35. Qh4+ Ke6 36. Qf2 Nc4 37. Bd2 Nxd2+ 38. Qxd2 Qxd2 39. Rxd2 e4 40. f4 Bh6 41. g3 Kd5 42. Kf2 Kd4 43. Ra2 e3+ 44. Ke1 e2 45. Rd2 Ke3 46. Ra2 Bg7 47. Ra3 Bb2 48. Rb3 Bc1 49. Rc3 Bd2# 0-1

[Event "GER-ch U12"]
[Site "Oberhof"]
[Date "2012.05.29"]
[Round "5"]
[White "Torgashov, Katerina"]
[Black "Ter Stal, Esther"]
[Result "1-0"]
[WhiteElo "1222"]
[BlackElo "984"]
[PlyCount "61"]
[EventDate "2012.05.27"]
[EventType "swiss"]
[EventRounds "11"]
[EventCountry "GER"]
[SourceTitle "CBM 148 Extra"]
[Source "ChessBase"]
[SourceDate "2012.06.22"]
[SourceVersion "1"]
[SourceVersionDate "2012.06.22"]
[SourceQuality "1"]

1. e4 c6 2. Nc3 d5 3. Nf3 Nf6 4. exd5 cxd5 5. d4 Bf5 6. Bb5+ Nbd7 7. Ne5 Bg6 8. Nxd7 Nxd7 9. Nxd5 e6 10. Nc3 Bb4 11. 0-0 0-0 12. Ne2 Nf6 13. c3 Bd6 14. Bd3 Bh5 15. Qc2 Qc7 16. Ng3 Bxg3 17. fxg3 Bg6 18. Bf4 Qe7 19. Bg5 Bxd3 20. Qxd3 h6 21. Bxf6 gxf6 22. Qf3 f5 23. g4 Qg5 24. gxf5 exf5 25. Qxf5 Qe3+ 26. Qf2 Qg5 27. Qf4 Qg6 28. Rf3 Qb6 29. Rg3+ Kh7 30. Qf5+ Kh8 31. Qe5+ 1-0

[Event "Niedersachsen-ch U12"]
[Site "Rotenburg"]
[Date "2012.04.02"]
[Round "4"]
[White "Ter Stal, Esther"]
[Black "Kuzyak, Vadym"]
[Result "0-1"]
[WhiteElo "1070"]
[BlackElo "1204"]
[PlyCount "96"]
[EventDate "2012.03.31"]
[EventType "swiss"]
[EventRounds "11"]
[EventCountry "GER"]
[SourceTitle "EXT 2015"]
[Source "ChessBase"]
[SourceDate "2014.11.20"]
[SourceVersion "1"]
[SourceVersionDate "2014.11.20"]
[SourceQuality "1"]

1. d4 Nf6 2. Nf3 e6 3. c4 b6 4. a3 Bb7 5. e3 d5 6. Nc3 c5 7. Bd3 Bd6 8. Bd2 Nc6 9. 0-0 0-0 10. Qe2 Qc7 11. e4 dxe4 12. Nxe4 Nxe4 13. Qxe4 g6 14. Qh4 Be7 15. Bg5 Qd8 16. d5 exd5 17. cxd5 f6 18. dxc6 fxg5 19. Qc4+ Kh8 20. cxb7 Rb8 21. Ne5 Qc7 22. Nf7+ Kg7 23. Nxg5 Bxg5 24. Qc3+ Bf6 25. Qc2 Qxb7 26. Rfe1 Rbe8 27. Re4 Rxe4 28. Bxe4 Qe7 29. h3 Bd4 30. Rf1 Qh4 31. b3 Bxf2+ 32. Rxf2 Rxf2 33. Qxf2 Qxe4 34. Qb2+ Qd4+ 35. Qxd4+ cxd4 36. Kf2 Kf6 37. Ke2 Ke5 38. Kd3 Kd5 39. b4 b5 40. g4 g5 41. Kd2 Ke4 42. Ke2 d3+ 43. Kd2 Kd4 44. Kd1 Ke3 45. Ke1 d2+ 46. Kd1 Kd3 47. a4 bxa4 48. h4 gxh4 0-1

[Event "Niedersachsen-ch U12"]
[Site "Rotenburg"]
[Date "2012.03.31"]
[Round "1"]
[White "Hoppe, Andreas"]
[Black "Ter Stal, Esther"]
[Result "1-0"]
[WhiteElo "1743"]
[BlackElo "1070"]
[PlyCount "59"]
[EventDate "2012.03.31"]
[EventType "swiss"]
[EventRounds "11"]
[EventCountry "GER"]
[SourceTitle "EXT 2015"]
[Source "ChessBase"]
[SourceDate "2014.11.20"]
[SourceVersion "1"]
[SourceVersionDate "2014.11.20"]
[SourceQuality "1"]

1. d4 Nf6 2. Nc3 e6 3. f3 d5 4. Bf4 Be7 5. Qd2 c5 6. e3 Qb6 7. Na4 Qd8 8. Nc3 Nc6 9. Nge2 Bd7 10. g4 h6 11. h4 Qb6 12. Na4 Qa6 13. Nac3 Rb8 14. Bxb8 Nxb8 15. Ng3 Qd6 16. Nge2 Nc6 17. Bg2 c4 18. 0-0-0 a6 19. g5 Nh5 20. f4 g6 21. Bf3 Ng7 22. Ng3 b5 23. h5 gxh5 24. Nxh5 Nf5 25. gxh6 Nxh6 26. Rh2 Rg8 27. Ng7+ Kd8 28. Nxe6+ Bxe6 29. Rxh6 Kd7 30. f5 1-0

[Event "GER-chT U20 Girls"]
[Site "Osnabrueck"]
[Date "2011.12.29"]
[Round "5.4"]
[White "Ter Stal, Esther"]
[Black "Scheibe, Lydia"]
[Result "0-1"]
[WhiteElo "1081"]
[BlackElo "1233"]
[PlyCount "66"]
[EventDate "2011.12.27"]
[EventType "team-swiss"]
[EventRounds "7"]
[EventCountry "GER"]
[SourceTitle "CBM 146 Extra"]
[Source "ChessBase"]
[SourceDate "2012.02.29"]
[SourceVersion "1"]
[SourceVersionDate "2012.02.29"]
[SourceQuality "1"]
[WhiteTeam "Nordhorn Blanke (W)"]
[BlackTeam "Chemnitz USG (W)"]
[WhiteTeamCountry "GER"]
[BlackTeamCountry "GER"]

1. d4 d5 2. Nf3 Nc6 3. e3 Bf5 4. c4 e6 5. Qb3 b6 6. Nc3 Nf6 7. Be2 Bd6 8. 0-0 0-0 9. Kh1 h6 10. cxd5 exd5 11. Nxd5 Nxd5 12. Qxd5 Ne7 13. Qb3 c5 14. Bd2 Be6 15. Qc2 Rc8 16. Qa4 Qc7 17. Rac1 Qb8 18. Bd3 Bf5 19. Bb5 cxd4 20. Qxd4 Ng6 21. Bc3 Rxc3 22. Qxc3 Ne5 23. Nxe5 Bxe5 24. Qb3 Bxh2 25. Bd3 Be6 26. Qc2 Bd6 27. Bh7+ Kh8 28. Bf5 Be5 29. Qb1 Bd5 30. Rfd1 Qd8 31. Qd3 Qh4+ 32. Bh3 Qxh3+ 33. Kg1 Qxg2# 0-1

[Event "GER-chT U20 Girls"]
[Site "Osnabrueck"]
[Date "2011.12.27"]
[Round "2.4"]
[White "Gordeeva, Vitalia"]
[Black "Ter Stal, Esther"]
[Result "1-0"]
[WhiteElo "1656"]
[BlackElo "1081"]
[PlyCount "77"]
[EventDate "2011.12.27"]
[EventType "team-swiss"]
[EventRounds "7"]
[EventCountry "GER"]
[SourceTitle "CBM 146 Extra"]
[Source "ChessBase"]
[SourceDate "2012.02.29"]
[SourceVersion "1"]
[SourceVersionDate "2012.02.29"]
[SourceQuality "1"]
[WhiteTeam "Muelheim Nord (W)"]
[BlackTeam "Nordhorn Blanke (W)"]
[WhiteTeamCountry "GER"]
[BlackTeamCountry "GER"]

1. d4 Nf6 2. Nf3 e6 3. e3 b6 4. Be2 Bb7 5. Nbd2 Be7 6. 0-0 0-0 7. b3 d6 8. Bb2 Nbd7 9. c4 c5 10. Qc2 e5 11. dxe5 dxe5 12. Nxe5 Nxe5 13. Bxe5 Qd7 14. Rad1 Ng4 15. Bg3 Qe6 16. Bf3 Bxf3 17. Nxf3 Rad8 18. h3 Nf6 19. Rxd8 Rxd8 20. Rd1 Ne4 21. Rxd8+ Bxd8 22. Bb8 a6 23. Qd3 Be7 24. Nd2 Nxd2 25. Qxd2 h6 26. Qd5 Qg6 27. Qa8 Qb1+ 28. Kh2 Kh7 29. Qxa6 Qg6 30. Qb7 Qf6 31. Qe4+ Kg8 32. Qe5 Qh4 33. g3 Qf6 34. Qxf6 Bxf6 35. Bc7 Bc3 36. Bxb6 Bb4 37. a4 Kf8 38. a5 Bc3 39. a6 1-0

[Event "GER-chT U20 Girls"]
[Site "Osnabrueck"]
[Date "2011.12.27"]
[Round "1.4"]
[White "Ter Stal, Esther"]
[Black "Moeller, Hannah Sophie"]
[Result "1/2-1/2"]
[WhiteElo "1081"]
[BlackElo "1053"]
[PlyCount "135"]
[EventDate "2011.12.27"]
[EventType "team-swiss"]
[EventRounds "7"]
[EventCountry "GER"]
[SourceTitle "CBM 146 Extra"]
[Source "ChessBase"]
[SourceDate "2012.02.29"]
[SourceVersion "1"]
[SourceVersionDate "2012.02.29"]
[SourceQuality "1"]
[WhiteTeam "Nordhorn Blanke (W)"]
[BlackTeam "Lingen (W)"]
[WhiteTeamCountry "GER"]
[BlackTeamCountry "GER"]

1. d4 Nf6 2. Nf3 g6 3. c4 Bg7 4. Nc3 d6 5. e4 0-0 6. Be2 Nbd7 7. 0-0 e5 8. d5 Nc5 9. Qc2 Bg4 10. Ne1 Bxe2 11. Qxe2 Qd7 12. b4 Na6 13. Nd3 Nh5 14. c5 Nf4 15. Bxf4 exf4 16. Rac1 dxc5 17. bxc5 Rfe8 18. f3 Qe7 19. Nd1 Bd4+ 20. N1f2 Nxc5 21. Nxf4 Qg5 22. Qd2 Qe5 23. Rc4 Bxf2+ 24. Rxf2 Nd7 25. Nd3 Qd6 26. Qc3 Rac8 27. Rc2 Qb6+ 28. Nf2 Qb1+ 29. Rc1 Qb6 30. Rxc7 Rxc7 31. Qxc7 Qxc7 32. Rxc7 Ne5 33. Ng4 Nxg4 34. fxg4 Rxe4 35. Rxb7 Rxg4 36. Rxa7 Rd4 37. Ra5 Kf8 38. Rc5 Ke8 39. Kf2 Kd7 40. Ke3 Rd1 41. a4 Kd6 42. Rc6+ Kxd5 43. Rc7 Ke6 44. a5 Ra1 45. Ra7 h5 46. Ra8 Kf6 47. a6 Ke6 48. a7 Kf5 49. Kd4 h4 50. Kc5 Ra2 51. Kb6 Rxg2 52. Rf8 Rb2+ 53. Kc5 Rc2+ 54. Kd4 Ra2 55. a8Q Rxa8 56. Rxa8 Kg4 57. Ra3 Kf4 58. Kd5 g5 59. Rh3 Kg4 60. Re3 f5 61. h3+ Kf4 62. Kd4 g4 63. hxg4 Kxg4 64. Re1 f4 65. Ke4 Kg3 66. Rh1 f3 67. Rxh4 Kxh4 68. Kxf3 1/2-1/2

[Event "Braunschweig Oker Cup"]
[Site "Braunschweig"]
[Date "2011.12.02"]
[Round "1"]
[White "Grabenhorst, Joerg"]
[Black "Ter Stal, Esther"]
[Result "1-0"]
[WhiteElo "1865"]
[BlackElo "1026"]
[PlyCount "57"]
[EventDate "2011.12.02"]
[EventType "swiss"]
[EventRounds "5"]
[EventCountry "GER"]
[SourceTitle "EXT 2013"]
[Source "ChessBase"]
[SourceDate "2012.11.22"]
[SourceVersion "1"]
[SourceVersionDate "2012.11.22"]
[SourceQuality "1"]

1. Nf3 c6 2. c4 d5 3. d4 Nf6 4. Nc3 Bf5 5. e3 Nbd7 6. Be2 e6 7. 0-0 Bd6 8. Bd2 0-0 9. c5 Bc7 10. b4 a6 11. a4 b6 12. cxb6 Bxb6 13. a5 Bc7 14. Qa4 Nb8 15. Rfc1 Qd6 16. Ne5 Nfd7 17. f4 f6 18. g4 Bg6 19. Nxg6 hxg6 20. Qc2 Kf7 21. Bd3 f5 22. Be1 Rh8 23. Na4 g5 24. Bg3 Qxb4 25. gxf5 exf5 26. Bxf5 gxf4 27. Bxd7 fxg3 28. Qf5+ Kg8 29. Be6# 1-0